[Event "Knockout open section B"]
[Site "SchemingMind.com"]
[Date "2015.04.25"]
[Round "-"]
[White "Marc Wakeham"]
[Black "buddhastalin"]
[Result "0-1"]
[WhiteCountry "WLS"]
[BlackCountry "USA"]
[WhiteElo "1500"]
[WhiteRD "80"]
[BlackElo "1710"]
[BlackRD "77"]
[GameID "378988"]

1. e4 c5 2. c3 g6 3. Nf3 Bg7 4. Bc4 Nc6 5. d4 cxd4 6. cxd4 d6 7. O-O Nf6 8. Re1 Bg4 9. Nc3 O-O 10. Bg5 Rc8
11. Be2 Qa5 12. h3 Bxf3 13. Bxf3 Qxg5 14. Rc1 a6 15. Rc2 Nb4 16. Rce2 Nd7 17. a3 Nc6 18. d5 Nce5 19. Re3 Nxf3+ 20. Qxf3 Ne5
21. Qg3 Qh6 22. R1e2 Nc4 23. Rd3 Qc1+ 24. Rd1 Qh6 25. Qd3 Nxb2 26. Rxb2 Rxc3 27. Qe2 b5 28. Rdd2 Rc1+ 29. Kh2 Bxb2
0-1

[Event "Knockout open section B"]
[Site "SchemingMind.com"]
[Date "2015.04.25"]
[Round "-"]
[White "buddhastalin"]
[Black "Marc Wakeham"]
[Result "0-1"]
[WhiteCountry "USA"]
[BlackCountry "WLS"]
[WhiteElo "1710"]
[WhiteRD "77"]
[BlackElo "1500"]
[BlackRD "80"]
[GameID "378989"]

1. e4 d6 2. d4 Nf6 3. Nc3 g6 4. f4 Bg7 5. Nf3 Bg4 6. Be3 O-O 7. Bd3 c5 8. Qd2 cxd4 9. Nxd4 Nc6 10. h3 Bd7
11. O-O-O a6 12. g4 b5 13. f5 Nb4 14. fxg6 hxg6 15. Be2 Nc6 16. Nd5 Nxe4 17. Qd3 Ng3 18. Rhf1 Nxf1 19. Rxf1 Nxd4 20. Bxd4 Bxd4
21. Qxd4 Be6 22. Nf4 Bd7 23. Nd5 Bc6
0-1

[Event "Knockout open section B"]
[Site "SchemingMind.com"]
[Date "2015.05.13"]
[Round "-"]
[White "Manfred Kraut"]
[Black "ray winteringham"]
[Result "1-0"]
[WhiteCountry "GER"]
[BlackCountry "ENG"]
[WhiteElo "1487"]
[WhiteRD "64"]
[BlackElo "1527"]
[BlackRD "51"]
[GameID "379699"]

1. d4 Nf6 2. Nf3 d5 3. e3 e6 4. Bd3 h6 5. O-O b6 6. b3 Bb7 7. Bb2 Nbd7 8. Nbd2 Bd6 9. Ne5 c5 10. c4 dxc4
11. Bxc4 O-O 12. Qc2 Ne8 13. Ng4 Qg5 14. h3 h5 15. f4 Qe7 16. Ne5 Nxe5 17. dxe5 Bc7 18. f5 Qg5 19. Ne4 exf5 20. Nxg5 Bd8
21. Qxf5 g6 22. Qd7 Bc7 23. Bxf7+
1-0

[Event "Knockout open section B"]
[Site "SchemingMind.com"]
[Date "2015.05.13"]
[Round "-"]
[White "ray winteringham"]
[Black "Manfred Kraut"]
[Result "0-1"]
[WhiteCountry "ENG"]
[BlackCountry "GER"]
[WhiteElo "1527"]
[WhiteRD "51"]
[BlackElo "1487"]
[BlackRD "64"]
[GameID "379700"]

1. e4 c5 2. b4 cxb4 3. d4 Nf6 4. e5 Nd5 5. Bc4 e6 6. Bxd5 exd5 7. Nf3 Nc6 8. Bf4 Qa5 9. O-O Be7 10. Nbd2 O-O
11. Nb3 Qc7 12. g3 d6 13. Re1 Bg4 14. Kg2 Rfe8 15. Qe2 h6 16. h3 Be6 17. a3 bxa3 18. Rxa3 a6 19. Raa1 Nb4 20. c3 Qxc3
21. Rab1 Bf5 22. Rb2 Nd3 23. Rc1 Nxf4+ 24. gxf4 Qb4 25. Nc5 Qa5 26. Nxb7 Qa4 27. Ra2 Qb5 28. Na5 Qd7 29. Nc6 Bxh3+ 30. Kh2 Qg4
31. Rg1 Qh5 32. Rg3 Bf1+ 33. Rh3 Qxh3+ 34. Kg1 Qg2#
0-1

[Event "Knockout open section B"]
[Site "SchemingMind.com"]
[Date "2015.05.13"]
[Round "-"]
[White "sp628"]
[Black "James Reed"]
[Result "0-1"]
[WhiteCountry "USA"]
[BlackCountry "ENG"]
[WhiteElo "1163"]
[WhiteRD "214"]
[BlackElo "1404"]
[BlackRD "72"]
[GameID "379823"]

1. e4 c5 2. Bc4 e6 3. d3 Be7 4. Bf4 Nc6 5. Nf3 Qb6 6. b3 h6 7. Nbd2 Nf6 8. Rc1 O-O 9. d4 cxd4 10. a3 d5
11. b4 dxc4 12. Nxc4 Qd8 13. e5 Ne4 14. O-O b6 15. Qe1 Nd6 16. Nxd4 Nxd4 17. exd6 Bf6 18. Rd1 Nxc2 19. Qe2 Nd4 20. g3 Nxe2+
0-1

[Event "Knockout open section B"]
[Site "SchemingMind.com"]
[Date "2015.05.13"]
[Round "-"]
[White "James Reed"]
[Black "sp628"]
[Result "1-0"]
[WhiteCountry "ENG"]
[BlackCountry "USA"]
[WhiteElo "1404"]
[WhiteRD "72"]
[BlackElo "1163"]
[BlackRD "214"]
[GameID "379824"]

1. e4 e5 2. Nf3 d5 3. Nxe5 dxe4 4. Bc4 Bb4 5. O-O Nf6 6. c3 Bc5 7. d4 Nc6 8. Nxc6 bxc6 9. dxc5 O-O 10. h3 Be6
11. Re1 Rb8 12. Bxe6 fxe6 13. Bg5 Rxb2 14. Re2 h6 15. Qxd8 Rxd8 16. Rxb2 hxg5 17. Nd2 e5 18. Nc4 Nd5 19. Rc1 a5 20. Nxa5
1-0

[Event "Knockout open section B"]
[Site "SchemingMind.com"]
[Date "2015.05.25"]
[Round "-"]
[White "wight knight"]
[Black "maro"]
[Result "0-1"]
[WhiteCountry "ENG"]
[BlackCountry "MEX"]
[WhiteElo "1417"]
[WhiteRD "59"]
[BlackElo "1460"]
[BlackRD "77"]
[GameID "380076"]

1. e4 e5 2. Bc4 Nf6 3. f3 d5 4. exd5 Nxd5 5. Bxd5 Qxd5 6. Ne2 Bc5 7. Nbc3 Qc6 8. d3 O-O 9. b3 Qg6 10. g4 Nc6
11. Nd5 Bb4+ 12. Nxb4 Nxb4 13. Ba3 a5 14. Bxb4 axb4 15. Qd2 c5 16. O-O-O Qa6 17. Kb1 Qxa2+ 18. Kc1 Qa1#
0-1

[Event "Knockout open section B"]
[Site "SchemingMind.com"]
[Date "2015.05.25"]
[Round "-"]
[White "maro"]
[Black "wight knight"]
[Result "1-0"]
[WhiteCountry "MEX"]
[BlackCountry "ENG"]
[WhiteElo "1460"]
[WhiteRD "77"]
[BlackElo "1417"]
[BlackRD "59"]
[GameID "380077"]

1. e4 e5 2. d4 Nc6 3. dxe5 Nxe5 4. Nf3 f6 5. Nxe5 g6 6. Ng4 h5 7. Ne3 Bc5 8. Nc3 c6 9. Bc4 b5 10. Bb3 a5
11. O-O Ne7 12. Qf3 a4 13. Qxf6 Rf8 14. Bf7+ Rxf7 15. Qh8+ Rf8 16. Qe5 d6 17. Qg3 Bxe3 18. Bxe3 b4 19. Ne2 Bg4 20. Nf4 Qd7
21. h3 Be6 22. Nxg6 Nxg6 23. Qxg6+ Bf7 24. Qg7 Bc4 25. Qg6+ Qf7 26. Qxd6 Bxf1 27. Qxc6+ Ke7 28. Bc5+ Kd8 29. Qxa8+ Kd7 30. Qxa4+ Ke6
31. Rxf1 Qf4 32. Qxb4 Rg8 33. Qc4+ Ke5 34. Qxg8 Qf6 35. c3 h4 36. Bd4+ Kxe4 37. Bxf6 Kd3 38. Qh7+ Kd2 39. Qb1 Ke2 40. Qc2#
1-0

[Event "Knockout open section B"]
[Site "SchemingMind.com"]
[Date "2015.05.21"]
[Round "-"]
[White "Fred Fanelli"]
[Black "surfnsuds"]
[Result "1-0"]
[WhiteCountry "USA"]
[BlackCountry "USA"]
[WhiteElo "1438"]
[WhiteRD "69"]
[BlackElo "1383"]
[BlackRD "71"]
[GameID "380105"]

1. c4 g6 2. Nf3 Nf6 3. Nc3 Bg7 4. d4 O-O 5. Bg5 c6 6. e4 d6 7. h3 d5 8. e5 Ne4 9. Bd2 Qb6 10. Qc2 f5
11. exf6 Nxf6 12. c5 Qd8 13. Bd3 Nfd7 14. O-O Rf7 15. Ng5 Rf6 16. Rae1 b6 17. Ne6 Rxe6 18. Rxe6 Bxd4 19. Rfe1 Kf8 20. Bh6+ Ke8
21. Bxg6+ hxg6 22. Qxg6#
1-0

[Event "Knockout open section B"]
[Site "SchemingMind.com"]
[Date "2015.05.21"]
[Round "-"]
[White "surfnsuds"]
[Black "Fred Fanelli"]
[Result "0-1"]
[WhiteCountry "USA"]
[BlackCountry "USA"]
[WhiteElo "1383"]
[WhiteRD "71"]
[BlackElo "1438"]
[BlackRD "69"]
[GameID "380106"]

1. d4 d5 2. c4 dxc4 3. Nf3 e6 4. e4 c5 5. Bxc4 a6 6. e5 Nc6 7. Be3 Nge7 8. Nc3 Nf5 9. dxc5 Qc7 10. b4 Nxb4
11. Qa4+ Nc6 12. Rd1 Be7 13. Ne4 O-O 14. O-O Bd7 15. Qb3 Na5 16. Qc3 Nxc4 17. Qxc4 Rfd8 18. Nd6 Bb5 19. Nxb5 axb5 20. Qxb5 Ra5
21. Rxd8+ Qxd8 22. Qxb7 Nxe3 23. fxe3 Bxc5 24. Qb3 Ra3 25. Rd1 Qe8 26. Qc2 Bxe3+ 27. Kh1 Ra8 28. Re1 Bb6 29. Ng5 h6 30. Qh7+ Kf8
31. Nf3 Ke7 32. Qxg7 Qf8 33. Qf6+ Ke8 34. Rb1 Bd8 35. Qf4 Rxa2 36. Qd4 Qg7 37. g3 Qg6 38. Rb8 Ra1+ 39. Ng1 Rxg1+ 40. Kxg1 Qg5
41. Qd7+ Kxd7
0-1

[Event "Knockout open section B"]
[Site "SchemingMind.com"]
[Date "2015.05.23"]
[Round "-"]
[White "Manfred Kraut"]
[Black "Chessibelle"]
[Result "1-0"]
[WhiteCountry "GER"]
[BlackCountry "ENG"]
[WhiteElo "1503"]
[WhiteRD "67"]
[BlackElo "1216"]
[BlackRD "58"]
[GameID "381033"]

1. d4 d5 2. Nf3 Nf6 3. e3 e6 4. Bd3 g6 5. O-O Bg7 6. b3 O-O 7. Bb2 Nc6 8. Nbd2 Re8 9. Ne5 Qd6 10. f4 b6
11. Rf3 h5 12. Rg3 Nb4 13. Ba3 a5 14. c3 c5 15. cxb4 axb4 16. Bb2 Bb7 17. dxc5 bxc5 18. Nxg6 fxg6 19. Rxg6 Re7 20. Bxf6 Rf7
21. Be5 Qc6 22. Qxh5 Kf8 23. Bxg7+ Ke7 24. Qh4+ Kd7 25. Be5 Re8 26. a4 c4 27. bxc4 Qc5 28. cxd5 Qxe3+ 29. Kf1 Qxd3+ 30. Ke1 Qxg6
31. Qf2 Rc8 32. Qb6 Ke8 33. dxe6 Rh7 34. Nc4 Qe4+ 35. Ne3 Bd5 36. Qb5+ Bc6 37. Qe2 Rxh2 38. Ng4 Qf5 39. Nf6+ Ke7 40. Rc1 Rh1+
41. Kd2 Rhh8 42. Qa6 Rhd8+ 43. Ke1 Qxe6 44. Qa7+ Kf8 45. Nh7+ Ke8 46. Qg7 Qf7 47. Nf6+ Ke7 48. Qg5 b3 49. Nd5+ Ke6 50. Rxc6+ Kxd5
51. Rf6 Qa7 52. Bb8+
1-0

[Event "Knockout open section B"]
[Site "SchemingMind.com"]
[Date "2015.05.24"]
[Round "-"]
[White "Chessibelle"]
[Black "Manfred Kraut"]
[Result "0-1"]
[WhiteCountry "ENG"]
[BlackCountry "GER"]
[WhiteElo "1216"]
[WhiteRD "58"]
[BlackElo "1503"]
[BlackRD "67"]
[GameID "381034"]

1. Nf3 g6 2. d4 Bg7 3. e3 d6 4. Bd2 Nf6 5. h3 O-O 6. Be2 Nbd7 7. O-O c5 8. Nc3 cxd4 9. exd4 Nb6 10. a3 Bd7
11. Be3 Qc8 12. Bd2 Bxh3 13. Nh4 Bg4 14. Nf3 Nc4 15. Bg5 Nxb2 16. Qd2 Nc4 17. Qd3 Bf5 18. Qd1 Qd7 19. Qb1 Ne4 20. Bxc4 Nxc3
21. Qb2 Ne4 22. Be3 a6 23. Qb3 e6 24. Nh4 d5 25. Bd3 Nd6 26. Be2 Qe7 27. g3 b5 28. Qb2 Qc7 29. c3 Ne4 30. Rfc1 Nxg3
31. Bf3 Ne4 32. Ng2 Ng5 33. Bxg5 h6 34. Bf4 Qe7 35. Be2 Bf6 36. Bxh6 Rfc8 37. Ne1 Bg5 38. Rd1 Bxh6 39. Nf3 Be4 40. Nh2 Qh4
41. f3 Be3+ 42. Kg2 Qf2+ 43. Kh3 Bf5+ 44. Ng4 Bf4 45. Rg1 Kg7 46. Rg2 Rh8#
0-1

[Event "Knockout open section B"]
[Site "SchemingMind.com"]
[Date "2015.05.26"]
[Round "-"]
[White "cnile"]
[Black "Transcendent"]
[Result "0-1"]
[WhiteCountry "SCO"]
[BlackCountry "ENG"]
[WhiteElo "1500"]
[WhiteRD "68"]
[BlackElo "1552"]
[BlackRD "68"]
[GameID "381071"]

1. e4 e6 2. d4 d5 3. Nd2 Nf6 4. Bd3 dxe4 5. Nxe4 Nc6 6. Nf3 Be7 7. h3 O-O 8. Be3 b6 9. Nxf6+ Bxf6 10. c3 Bb7
11. O-O Re8 12. Rc1 Ne7 13. Qc2 g6 14. Qe2 Bg7 15. Rfd1 Nd5 16. Bd2 Rc8 17. a3 c5 18. c4 Nf6 19. dxc5 Rxc5 20. Bb4 Rc8
21. h4 Qc7 22. b3 Rcd8 23. Bc3 Rd7 24. Be5 Qc8 25. h5 Nxh5 26. Bxg7 Nxg7 27. Be4 Bxe4 28. Qxe4 Red8 29. Rxd7 Qxd7 30. Ne5 Qd4
31. Qxd4 Rxd4 32. b4 Kf8 33. c5 bxc5 34. Rxc5 Rd5 35. Rc8+ Ke7 36. Nc6+ Kd7 37. Nxa7 Ne8 38. Rc3 Nc7 39. a4 Rd1+ 40. Kh2 Ra1
41. a5 Rb1 42. Rd3+ Ke8 43. Rd4 e5 44. Re4 f6 45. Nc6 Kd7 46. Na7 Kd6 47. Rc4 Rb3 48. Nc8+ Kd7 49. Nb6+ Kd8 50. Nd5 Nxd5
51. a6 Nb6 52. Rc6 Nd7 53. Rc4 Nb6 54. Rc6 Nd7 55. a7 Ra3 56. b5 Rxa7 57. b6 Rb7
0-1

[Event "Knockout open section B"]
[Site "SchemingMind.com"]
[Date "2015.05.25"]
[Round "-"]
[White "Transcendent"]
[Black "cnile"]
[Result "1/2-1/2"]
[WhiteCountry "ENG"]
[BlackCountry "SCO"]
[WhiteElo "1552"]
[WhiteRD "68"]
[BlackElo "1500"]
[BlackRD "68"]
[GameID "381072"]

1. d4 Nf6 2. c4 e6 3. g3 c5 4. d5 exd5 5. cxd5 d6 6. Nc3 g6 7. Bg2 Bg7 8. Nf3 O-O 9. O-O a6 10. a4 Nbd7
11. h3 Re8 12. Nd2 Nb6 13. e4 Bd7 14. a5 Nc8 15. Qc2 Kh8 16. Ra3 Na7 17. Nc4 Nb5 18. Nxb5 Bxb5 19. Be3 Nd7 20. Rd1 Ne5
21. Nxe5 Rxe5 22. f4 Re8 23. Kh2 Qd7 24. b3 Rac8 25. Bc1 Qc7 26. Bb2 Bd7 27. Bxg7+ Kxg7 28. Raa1 h5 29. Rdc1 h4 30. b4 c4
31. Ra3 Qd8 32. Rc3 Bb5 33. Bf1 hxg3+ 34. Kxg3 Qd7 35. Bxc4 Bxc4 36. Rxc4 Rxc4 37. Qxc4 Qe7 38. Qd4+ Kg8 39. Rc4 Qd7 40. e5 Kh7
41. h4 Rc8= 42. Rxc8 Qxc8 43. exd6 Qd7 44. Qf6 Kg8 45. Qe7 Qb5 46. d7 Qd3+ 47. Kg4 Qd1+ 48. Kg3 Qg1+ 49. Kf3 Qf1+ 50. Kg3 Qg1+
51. Kh3 Qh1+ 52. Kg3 Qg1+ 53. Kf3 Qf1+ 54. Kg3 Qg1+ 55. Kf3
1/2-1/2

[Event "Knockout open section B"]
[Site "SchemingMind.com"]
[Date "2015.06.12"]
[Round "-"]
[White "Marc Wakeham"]
[Black "mochiron"]
[Result "1-0"]
[WhiteCountry "WLS"]
[BlackCountry "JPN"]
[WhiteElo "1509"]
[WhiteRD "80"]
[BlackElo "1391"]
[BlackRD "68"]
[GameID "382067"]

1. e4 c5 2. c3 Nc6 3. Nf3 d6 4. Be2 e5 5. O-O Bd7 6. d4 cxd4 7. cxd4 exd4 8. Nxd4 Be7 9. Be3 Nf6 10. Bf3 O-O
11. Nc3 Nxd4 12. Bxd4 h6 13. e5 dxe5 14. Bxe5 Nh7 15. Rc1 f6 16. Bd6 Bxd6 17. Qxd6 f5 18. Nd5 Nf6 19. Ne7+ Kh7 20. Nd5 Nxd5
21. Qxd5 f4 22. Be4+ Bf5 23. Bxf5+ Rxf5 24. Qxf5+ Kh8 25. Rfd1 Qe7 26. Rd7 Qf6 27. Qxf6 gxf6 28. Rcc7
1-0

[Event "Knockout open section B"]
[Site "SchemingMind.com"]
[Date "2015.06.12"]
[Round "-"]
[White "mochiron"]
[Black "Marc Wakeham"]
[Result "0-1"]
[WhiteCountry "JPN"]
[BlackCountry "WLS"]
[WhiteElo "1391"]
[WhiteRD "68"]
[BlackElo "1509"]
[BlackRD "80"]
[GameID "382068"]

1. f4 Nc6 2. Nf3 d5 3. e3 Bg4 4. Be2 e6 5. O-O Bd6 6. Ne5 Bxe2 7. Qxe2 Nxe5 8. fxe5 Bxe5 9. d4 Bf6 10. Nc3 c6
11. a4 Ne7 12. Bd2 O-O 13. Qg4 Ng6 14. Ne2 e5 15. e4 exd4 16. Nf4 Nxf4 17. Rxf4 dxe4 18. Rxe4 c5 19. Rf1 Qd6 20. Rxf6 Qxf6
21. Rf4 Qe6 22. Qg3 Qe2 23. Rf2 Qd1+ 24. Rf1 Qxd2 25. c3 dxc3 26. bxc3 Rad8 27. h3 Rd3 28. Qg4 Rxc3 29. Qf5 Qd3 30. a5 Qxf5
31. Rxf5 b5 32. axb6 axb6 33. h4 b5 34. Kf2 Rd8 35. Kg1 b4 36. h5 b3 37. Rf2 Rc2 38. Rf3 c4 39. h6 b2
0-1

[Event "Knockout open section B"]
[Site "SchemingMind.com"]
[Date "2015.06.26"]
[Round "-"]
[White "Fred Fanelli"]
[Black "James Reed"]
[Result "1-0"]
[WhiteCountry "USA"]
[BlackCountry "ENG"]
[WhiteElo "1435"]
[WhiteRD "76"]
[BlackElo "1384"]
[BlackRD "74"]
[GameID "382464"]

1. c4 Nf6 2. Nc3 e6 3. a3 Nc6 4. Nf3 Bc5 5. e3 h6 6. d4 Be7 7. Be2 a6 8. O-O O-O 9. d5 exd5 10. cxd5 Na5
11. b4 d6 12. Bb2 Re8 13. bxa5 b5 14. Nd4 Bb7 15. e4 Nxe4 16. Nxe4 Bxd5 17. Nc3 Bb7 18. Bf3 Bxf3 19. Nxf3 Qd7 20. Ne5 Qf5
21. Nf3 c5 22. Na2 Bf6 23. Bxf6 Qxf6 24. Qd2 Rab8 25. Rad1 Rbd8 26. Qd5 Qe6 27. Qc6 Qc8 28. Qxc8 Rxc8 29. Rxd6 Ra8 30. Rc1 Reb8
31. Rxc5
1-0

[Event "Knockout open section B"]
[Site "SchemingMind.com"]
[Date "2015.06.27"]
[Round "-"]
[White "James Reed"]
[Black "Fred Fanelli"]
[Result "0-1"]
[WhiteCountry "ENG"]
[BlackCountry "USA"]
[WhiteElo "1424"]
[WhiteRD "70"]
[BlackElo "1446"]
[BlackRD "74"]
[GameID "382465"]

1. e4 c6 2. d4 d5 3. Nc3 dxe4 4. Nxe4 Nd7 5. Nf3 Ngf6 6. Nxf6+ Nxf6 7. Bd3 Bg4 8. h3 Bh5 9. Bf4 e6 10. a3 Bd6
11. Qd2 O-O 12. O-O-O Nd5 13. Bxd6 Qxd6 14. Rde1 Qf4 15. Qxf4 Nxf4 16. Rhg1 Nxd3+ 17. cxd3 Bg6 18. Rd1 Rfd8 19. Ne5 Bh5 20. Rde1 Rxd4
21. Re3 Rd5 22. Kd2 Rad8 23. g4 Bg6 24. f4 f6 25. Nxg6 hxg6 26. Rgg3 Kf7 27. h4 Rd4 28. b4 Rxf4 29. h5 g5 30. Ref3 e5
31. Rxf4 exf4 32. Rg1 Re8 33. Kc3 Re3 34. a4 b6 35. Kd4 a6 36. Kc3 Rg3 37. Re1 Rxg4 38. d4 Rg3+ 39. Kd2 g4 40. Ke2 Re3+
41. Kf1 Rxe1+ 42. Kxe1 Ke6 43. Ke2 g3 44. Kf3 Kd5
0-1

[Event "Knockout open section B"]
[Site "SchemingMind.com"]
[Date "2015.07.25"]
[Round "-"]
[White "Transcendent"]
[Black "maro"]
[Result "1-0"]
[WhiteCountry "ENG"]
[BlackCountry "MEX"]
[WhiteElo "1643"]
[WhiteRD "67"]
[BlackElo "1385"]
[BlackRD "56"]
[GameID "383674"]

1. d4 e6 2. c4 d5 3. Nf3 b6 4. Qc2 Nf6 5. Bf4 Bd6 6. Bxd6 Qxd6 7. e3 Ba6 8. c5 bxc5 9. dxc5 Qc6 10. Bxa6 Nxa6
11. O-O Nxc5 12. Rc1 Nfe4 13. Nd4 Qd6 14. f3 Ng5 15. Qxc5 Qxc5 16. Rxc5 O-O 17. Nc6 f5 18. Nd2 Nf7 19. Rac1 Nd8 20. Nxd8 Raxd8
21. Rxc7 a5 22. Re7 h6 23. Rxe6 Rb8 24. b3 Kf7 25. Ra6 Rfd8 26. Rc7+ Kg8 27. Rxa5 d4 28. Nc4 d3 29. Nd2 Rf8 30. Rd7 Rbd8
31. Raa7 Rxd7 32. Rxd7 f4 33. e4 g5 34. Rxd3 g4 35. a4 gxf3 36. gxf3 Rf6 37. b4 Rg6+ 38. Kf2 h5 39. Rd5 h4 40. Rf5 h3
41. Rxf4 Rg2+ 42. Ke3 Rxh2 43. a5 Rh1 44. a6
1-0

[Event "Knockout open section B"]
[Site "SchemingMind.com"]
[Date "2015.07.25"]
[Round "-"]
[White "maro"]
[Black "Transcendent"]
[Result "0-1"]
[WhiteCountry "MEX"]
[BlackCountry "ENG"]
[WhiteElo "1435"]
[WhiteRD "62"]
[BlackElo "1606"]
[BlackRD "64"]
[GameID "383675"]

1. d4 d5 2. Nf3 Nf6 3. Nc3 Bf5 4. e3 e6 5. Bd3 Bg6 6. Ne5 Nbd7 7. O-O Nxe5 8. dxe5 Nd7 9. Bxg6 hxg6 10. e4 dxe4
11. Nxe4 Nxe5 12. Qe2 c6 13. Be3 Qc7 14. Ng5 Be7 15. Bf4 Bd6 16. Rad1 Rd8 17. Rfe1 Nf3+ 18. Qxf3 Bxf4 19. Rxd8+ Kxd8 20. Rd1+ Ke8
21. Nh3 Be5 22. Nf4 Bxf4 23. g3 Be5 24. Qe3 b6 25. c3 Ke7 26. f4 Bd6 27. Qd4 Bc5
0-1

[Event "Knockout open section B"]
[Site "SchemingMind.com"]
[Date "2015.08.05"]
[Round "-"]
[White "Marc Wakeham"]
[Black "Fred Fanelli"]
[Result "1-0"]
[WhiteCountry "WLS"]
[BlackCountry "USA"]
[WhiteElo "1518"]
[WhiteRD "83"]
[BlackElo "1446"]
[BlackRD "74"]
[GameID "384325"]

1. e4 c6 2. d4 d5 3. Nc3 dxe4 4. f3 Nf6 5. Bc4 e6 6. Bg5 Be7 7. Qd2 Nbd7 8. O-O-O O-O 9. fxe4 h6 10. Bxh6 Nh7
11. Be3 a6 12. Bd3 Bg5 13. Bxg5 Nxg5 14. h4 Nh7 15. e5 c5 16. Bxh7+ Kh8 17. dxc5 Kxh7 18. g4 Qc7 19. Qd3+ Kg8 20. Nf3 Nxc5
21. Qe3 Bd7 22. h5 Bc6 23. Rh3 Rad8 24. g5 Nd7 25. g6 f5 26. exf6 Rxf6 27. h6 Rxg6 28. h7+ Kh8 29. Ng5 Nf8 30. Rxd8
1-0

[Event "Knockout open section B"]
[Site "SchemingMind.com"]
[Date "2015.08.05"]
[Round "-"]
[White "Fred Fanelli"]
[Black "Marc Wakeham"]
[Result "1/2-1/2"]
[WhiteCountry "USA"]
[BlackCountry "WLS"]
[WhiteElo "1446"]
[WhiteRD "74"]
[BlackElo "1518"]
[BlackRD "83"]
[GameID "384326"]

1. c4 Nf6 2. Nc3 g6 3. Nf3 Bg7 4. d4 O-O 5. Bf4 d6 6. e3 Bg4 7. Be2 c5 8. O-O Nc6 9. a3 a6 10. h3 Bd7
11. Qc2 Rb8 12. Rad1 Na7 13. dxc5 dxc5 14. Ne5 Qc8 15. Ne4 Be6 16. Nf3 Ra8 17. Nfg5 Bf5 18. Bd3 Nxe4 19. Nxe4 Nc6 20. Nxc5 Bxd3
21. Rxd3 Rd8 22. Rfd1 b6 23. Nb3 Qe6 24. Nc1 Rxd3 25. Rxd3 Rd8 26. Bc7 Rxd3 27. Nxd3 Na5 28. b4 Qxc4 29. Qxc4 Nxc4 30. a4 b5
31. a5 Bc3 32. Nc5 Bxb4 33. Nxa6 Bxa5 34. Bxa5 Nxa5 35. Nb4 e6 36. Kf1 Kf8 37. Ke2 Ke7 38. Kd3 Kd6 39. f4 f6 40. e4 Nc6
41. Na6 h6 42. g4 f5 43. e5+ Kd5 44. Nc7+ Kc5 45. Nxe6+ Kd5 46. Nf8 Ne7 47. gxf5 gxf5 48. Nd7 Ng6 49. Nf6+ Kc5 50. Kc3 Nxf4
51. h4 Ng6 52. Ng8 Kd5 53. Nxh6 Kxe5 54. h5 Nf4 55. Nf7+ Ke6 56. Ng5+ Kf6 57. Nf3 Nxh5 58. Kb4 f4 59. Kxb5 Kf5 60. Kc4 Ke4
61. Nh4 Ng7 62. Kc3= Ke3 63. Ng2+ Kf3=
1/2-1/2

[Event "Knockout open section B"]
[Site "SchemingMind.com"]
[Date "2015.09.28"]
[Round "-"]
[White "Transcendent"]
[Black "Manfred Kraut"]
[Result "0-1"]
[WhiteCountry "ENG"]
[BlackCountry "GER"]
[WhiteElo "1517"]
[WhiteRD "52"]
[BlackElo "1557"]
[BlackRD "62"]
[GameID "388083"]

1. d4 g6 2. c4 Bg7 3. g3 c5 4. d5 d6 5. Bg2 Nf6 6. Nc3 O-O 7. Nf3 Bg4 8. h3 Bd7 9. O-O Qc8 10. Kh2 e6
11. Bf4 exd5 12. cxd5 Nh5 13. Bxd6 Re8 14. e3 b5 15. a3 b4 16. axb4 Na6 17. bxc5 Nxc5 18. Nd4 Nb7
0-1

[Event "Knockout open section B"]
[Site "SchemingMind.com"]
[Date "2015.10.01"]
[Round "-"]
[White "Manfred Kraut"]
[Black "Transcendent"]
[Result "1-0"]
[WhiteCountry "GER"]
[BlackCountry "ENG"]
[WhiteElo "1557"]
[WhiteRD "62"]
[BlackElo "1517"]
[BlackRD "52"]
[GameID "388084"]

1. d4 d5 2. Nf3 Nf6 3. e3 c5 4. c4 cxd4 5. Nxd4 e5 6. Nf3 Nc6 7. cxd5 Qxd5 8. Qxd5 Nxd5 9. Bb5 Bd7 10. a4 Bb4+
11. Bd2 O-O 12. Bxc6 Bxc6 13. Nxe5 Bxd2+ 14. Kxd2 Rac8 15. Rc1 Nb4 16. Nc3
1-0

[Event "Knockout open section B"]
[Site "SchemingMind.com"]
[Date "2015.10.21"]
[Round "-"]
[White "Manfred Kraut"]
[Black "Marc Wakeham"]
[Result "0-1"]
[WhiteCountry "GER"]
[BlackCountry "WLS"]
[WhiteElo "1489"]
[WhiteRD "67"]
[BlackElo "1564"]
[BlackRD "83"]
[GameID "389039"]

1. d4 Nf6 2. Nf3 g6 3. e3 Bg7 4. Bd3 O-O 5. O-O c5 6. c4 cxd4 7. Nxd4 d6 8. b3 Nc6 9. Bb2 Nxd4 10. Bxd4 Bd7
11. Nd2 Bc6 12. Rc1 b6 13. Qc2 Qc7 14. Bxf6 Bxf6 15. f4 Qb7 16. Nf3 e6 17. e4 Bg7 18. Nd4 Bxd4+ 19. Kh1 Bg7 20. Rf3 Rac8
21. Rg3 a6 22. f5 exf5 23. exf5 Rce8 24. fxg6 hxg6 25. h3 Be4 26. Bxe4 Qxe4 27. Qxe4 Rxe4 28. Rd1 Be5 29. Rg4 Rxg4 30. hxg4 Re8
31. Kg1 Re6 32. Kf2 Kf8 33. g3 Ke7 34. a4 a5 35. Rd5= Bc3 36. Rb5 Bd4+ 37. Kf3 Re5 38. Rxe5+ Bxe5 39. g5 Ke6 40. g4 f5
41. gxf5+ Kxf5 42. Ke3 Bc3 43. Kf3 Kxg5 44. Kg3 Kf5 45. Kf3 Bd4 46. Kg3 g5
0-1

[Event "Knockout open section B"]
[Site "SchemingMind.com"]
[Date "2015.10.21"]
[Round "-"]
[White "Marc Wakeham"]
[Black "Manfred Kraut"]
[Result "1-0"]
[WhiteCountry "WLS"]
[BlackCountry "GER"]
[WhiteElo "1532"]
[WhiteRD "91"]
[BlackElo "1526"]
[BlackRD "67"]
[GameID "389040"]

1. e4 c5 2. c3 Nc6 3. Nf3 g6 4. Bb5 a6 5. Bxc6 bxc6 6. O-O Bg7 7. Na3 d5 8. d3 dxe4 9. dxe4 Nf6 10. Qxd8+ Kxd8
11. Re1 e6 12. Nc4 Ke7 13. Nfe5 Bb7 14. Na5 Nh5 15. Nxb7 Bxe5 16. Nxc5 Rhd8 17. Be3 a5 18. Na4 Nf4 19. Bc5+ Bd6 20. Bxd6+ Rxd6
21. Rad1 Rad8 22. Rxd6 Rxd6 23. f3 Nd3 24. Rd1 c5 25. Kf1 f5 26. exf5 gxf5 27. Rd2 Nf4 28. Rxd6 Kxd6 29. Nb6 Nd3 30. Nc4+ Kd5
31. Nxa5 Nxb2 32. Ke2 e5 33. Kd2 Nc4+ 34. Nxc4 Kxc4 35. Kc2 h5 36. a4 Kd5 37. Kb3 Kc6 38. Kc4 f4 39. h4 Kd6 40. a5 Kc6
41. a6 Kb6 42. a7 Kxa7 43. Kxc5 Kb7 44. Kd5 Kc7 45. Kxe5
1-0